Corporaciones trasnacionales y fuerza de trabajo en el mundo subdesarrollado: el caso de las maquiladoras de exportación /
Guardado en:
| 主要作者: | |
|---|---|
| 格式: | Texto |
| 標簽: |
添加標簽
沒有標簽, 成為第一個標記此記錄!
|
MARC
| LEADER | 00000 a a2200000 04500 | ||
|---|---|---|---|
| 001 | 41788 | ||
| 003 | |||
| 040 | |||
| 100 | |a Villarespe, Verónica | ||
| 245 | |a Corporaciones trasnacionales y fuerza de trabajo en el mundo subdesarrollado: |b el caso de las maquiladoras de exportación / |c Verónica Villarespe | ||
| 500 | |a EMPRESAS TRANSNACIONALESPAISES EN DESARROLLOMAQUILAS MIGRACION CLASE OBRERASOCIALISMO | ||
| 773 | |g volumen12, número45 ( , 1981), páginas 145-168 | ||
| 999 | |c 35444 |d 35444 | ||
